书目信息 |
| 题名: |
城市更新行动
|
|
| 作者: | 王福海 著 | |
| 分册: | ||
| 出版信息: | 北京 中国建筑工业出版社 2022.01 |
|
| 页数: | 93页 | |
| 开本: | 20cm | |
| 丛书名: | ||
| 单 册: | ||
| 中图分类: | F299.2 | |
| 科图分类: | ||
| 主题词: | 城市经济 , 市政经济 | |
| 电子资源: | ||
| ISBN: | 978-7-112-26939-6 | |
| 000 | 00731nam0 2200229 45 | |
| 001 | 2359077598 | |
| 005 | 20241015081316.20 | |
| 010 | @a978-7-112-26939-6@b精装@dCNY 48.00 | |
| 100 | @a20230211d2022 km y0chiy0120 ea | |
| 101 | 0 | @achi |
| 102 | @aCN@b110000 | |
| 200 | 1 | @a城市更新行动@Acheng shi geng xin xing dong@e新时代的城市建设模式@f王福海 著@Fwang fu hai zhu |
| 210 | @a北京@c中国建筑工业出版社@d2022.01 | |
| 215 | @a93页@d20cm | |
| 510 | @aUrban Regeneration Action | |
| 517 | @a新时代的城市建设模式@Axin shi dai de cheng shi jian she mo shi | |
| 606 | 0 | @a城市经济 |
| 606 | 0 | @a市政经济 |
| 690 | @aF299.2@v4 | |
| 701 | 0 | @a王福海@Awang fu hai@4著 |
| 801 | 0 | @aCN@b河南城建学院图书馆@c20230211 |
| 905 | @dF299.2@eW172 | |
| 城市更新行动:新时代的城市建设模式/王福海 著.-北京:中国建筑工业出版社,2022.01 |
| 93页;20cm |
| ←并列题名:Urban Regeneration Action |
| ISBN 978-7-112-26939-6(精装):CNY 48.00 |
| ● |
| 相关链接 |
|
|
|
正题名:城市更新行动
索取号:F299.2/W172
 
预约/预借
| 序号 | 登录号 | 条形码 | 馆藏地/架位号 | 状态 | 备注 |
| 1 | 1507722 | 215077226 | 管理学院资料室/ [索取号:F299.2/W172] | 在馆 | |
| 2 | 1553165 | 215531654 | 土木与交通工程学院资料室/ [索取号:F299.2/W172] | 在馆 |